Single Letter Stocks Quiz Stats

 Plays Quiz Updated Mar 12, 2020

     
Support Sporcle.
Go Orange.
Score 0/22 Timer 04:00
0 Plays Today
Symbol Company % Correct
FFord Motor Company
59.7%
TAT&T
56%
CCitigroup
40.3%
ZZillow
20.2%
XUnited States Steel
20%
KKellogg's
19.3%
VVisa
19.1%
SSentinelOne Inc
18%
HHyatt
16%
MMacy's
15.6%
WWayfair
14.3%
Symbol Company % Correct
AAgilent
10.3%
BBarnes
8.5%
DDominion Resources
8.3%
UUnity Software Inc.
8%
LLoews
7.9%
RRyder
6.5%
YAlleghany Corporation
5.8%
EEni S.p.A.
5.7%
ORealty Income Corporation
5.7%
GGenpact
4.7%
JJacobs Engineering Group Inc
3.5%

From the Vault

Almost MVPs (MLB)

by Flags12345

Sports 15m
"2nd place is the first loser" probably isn't the best life motto.
Remove Ads.
Support Sporcle.
Get the best of Sporcle when you Go Orange. This ad-free experience offers more features, more stats, and more fun while also helping to support Sporcle. Thank you for becoming a member.

Show Comments

Extras

Top Quizzes Today


Score Distribution

Your Account Isn't Verified!

In order to create a playlist on Sporcle, you need to verify the email address you used during registration. Go to your Sporcle Settings to finish the process.

Report this User

Report this user for behavior that violates our Community Guidelines.

Details: